Empire to Commonwealth: Consequences of Monotheism in Late Antiquity (Record no. 983)

000 -LEADER
fixed length control field 00808nam a22002657a 4500
001 - CONTROL NUMBER
control field 19545927
003 - CONTROL NUMBER IDENTIFIER
control field LIBRIS
005 - DATE AND TIME OF LATEST TRANSACTION
control field 20241105182009.0
007 - PHYSICAL DESCRIPTION FIXED FIELD--GENERAL INFORMATION
fixed length control field cr ||| |||||
008 - FIXED-LENGTH DATA ELEMENTS--GENERAL INFORMATION
fixed length control field 160711s1993 xx |||||o|||||000 ||eng|d
020 ## - INTERNATIONAL STANDARD BOOK NUMBER
International Standard Book Number 0691015457 (print)
035 ## - SYSTEM CONTROL NUMBER
System control number (SFX)2670000000416038
035 ## - SYSTEM CONTROL NUMBER
System control number (EBZ)ebs2028358e
040 ## - CATALOGING SOURCE
Transcribing agency DLC
041 ## - LANGUAGE CODE
Language code of text/sound track or separate title eng
080 ## - UNIVERSAL DECIMAL CLASSIFICATION NUMBER
Universal Decimal Classification number 94
Item number F-82
100 1# - MAIN ENTRY--PERSONAL NAME
Personal name Fowden, Garth
Relationship aut
245 10 - TITLE STATEMENT
Title Empire to Commonwealth: Consequences of Monotheism in Late Antiquity
Medium [Elektronisk resurs]
264 #1 - PRODUCTION, PUBLICATION, DISTRIBUTION, MANUFACTURE, AND COPYRIGHT NOTICE
Place of production, publication, distribution, manufacture Princeton, N.J.
Name of producer, publisher, distributor, manufacturer Princeton University Press,
Date of production, publication, distribution, manufacture, or copyright notice 1993
300 ## - PHYSICAL DESCRIPTION
Extent 205 P.
650 #0 - SUBJECT ADDED ENTRY--TOPICAL TERM
9 (RLIN) 252
Topical term or geographic name entry element History
653 ## - INDEX TERM--UNCONTROLLED
Uncontrolled term ისტორია
776 08 - ADDITIONAL PHYSICAL FORM ENTRY
Relationship information Print:
Title Empire to Commonwealth: Consequences of Monotheism in Late Antiquity
International Standard Book Number 0691015457
942 ## - ADDED ENTRY ELEMENTS (KOHA)
Source of classification or shelving scheme
Koha item type Books
Holdings
Withdrawn status Lost status Source of classification or shelving scheme Damaged status Not for loan Permanent location Current location Date acquired Inventory number Total Checkouts Full call number Barcode Date last seen Price effective from Koha item type
          Ken Walker International University Ken Walker International University 01/27/2021 2499   94 F-82 2499 01/27/2021 01/27/2021 Books

Powered by Koha